<?xml version="1.0" encoding="UTF-8"?>
<record
    xmlns:xsi="http://www.w3.org/2001/XMLSchema-instance"
    xsi:schemaLocation="http://www.loc.gov/MARC21/slim http://www.loc.gov/standards/marcxml/schema/MARC21slim.xsd"
    xmlns="http://www.loc.gov/MARC21/slim">

  <leader>02479cam a2200457   4500</leader>
  <controlfield tag="001">13962</controlfield>
  <controlfield tag="003">http://catalogue.bnf.fr/ark:/12148/cb476375454</controlfield>
  <controlfield tag="005">20251204143002.0</controlfield>
  <datafield tag="010" ind1=" " ind2=" ">
    <subfield code="a">9782847053111</subfield>
    <subfield code="d">13,50 EUR</subfield>
  </datafield>
  <datafield tag="020" ind1=" " ind2=" ">
    <subfield code="a">FR</subfield>
    <subfield code="b">02514645</subfield>
  </datafield>
  <datafield tag="073" ind1=" " ind2="0">
    <subfield code="a">9782847053111</subfield>
  </datafield>
  <datafield tag="090" ind1=" " ind2=" ">
    <subfield code="a">13962</subfield>
  </datafield>
  <datafield tag="099" ind1=" " ind2=" ">
    <subfield code="o">0</subfield>
  </datafield>
  <datafield tag="100" ind1=" " ind2=" ">
    <subfield code="a">20250116d2024    m  y0frey50      ba</subfield>
  </datafield>
  <datafield tag="101" ind1="0" ind2=" ">
    <subfield code="a">fre</subfield>
  </datafield>
  <datafield tag="102" ind1=" " ind2=" ">
    <subfield code="a">FR</subfield>
  </datafield>
  <datafield tag="105" ind1=" " ind2=" ">
    <subfield code="a">||||z   00|a|</subfield>
  </datafield>
  <datafield tag="181" ind1=" " ind2="0">
    <subfield code="6">01</subfield>
    <subfield code="a">i </subfield>
    <subfield code="b">xxxe  </subfield>
  </datafield>
  <datafield tag="181" ind1=" " ind2=" ">
    <subfield code="6">02</subfield>
    <subfield code="c">txt</subfield>
    <subfield code="2">rdacontent</subfield>
  </datafield>
  <datafield tag="182" ind1=" " ind2="0">
    <subfield code="6">01</subfield>
    <subfield code="a">n</subfield>
  </datafield>
  <datafield tag="182" ind1=" " ind2=" ">
    <subfield code="6">02</subfield>
    <subfield code="c">n</subfield>
    <subfield code="2">rdamedia</subfield>
  </datafield>
  <datafield tag="200" ind1="1" ind2=" ">
    <subfield code="a">Gagarine marche</subfield>
    <subfield code="b">LIVR</subfield>
    <subfield code="e">th&#xE9;&#xE2;tre</subfield>
  </datafield>
  <datafield tag="214" ind1=" " ind2="0">
    <subfield code="c">&#xC9;ditions Espaces 34</subfield>
    <subfield code="d">DL 2024</subfield>
  </datafield>
  <datafield tag="214" ind1=" " ind2="3">
    <subfield code="c">Impr. Pr&#xE9;sence graphique</subfield>
  </datafield>
  <datafield tag="214" ind1=" " ind2="0">
    <subfield code="a">Les Matelles</subfield>
  </datafield>
  <datafield tag="214" ind1=" " ind2="3">
    <subfield code="a">37-Monts</subfield>
  </datafield>
  <datafield tag="215" ind1=" " ind2=" ">
    <subfield code="a">1 vol. (59 p.)</subfield>
  </datafield>
  <datafield tag="215" ind1=" " ind2=" ">
    <subfield code="d">21 cm</subfield>
  </datafield>
  <datafield tag="225" ind1=" " ind2=" ">
    <subfield code="a">Collection Th&#xE9;&#xE2;tre</subfield>
  </datafield>
  <datafield tag="225" ind1=" " ind2=" ">
    <subfield code="x">1158-9892</subfield>
  </datafield>
  <datafield tag="323" ind1=" " ind2=" ">
    <subfield code="a">ind&#xE9;fini</subfield>
  </datafield>
  <datafield tag="330" ind1=" " ind2=" ">
    <subfield code="a">Explorant notre animalit&#xE9; au temps du num&#xE9;rique, ce texte nous invite &#xE0; un voyage &#xE0; la fois physique, musical et imaginaire, &#xE0; travers l'espace et la temporalit&#xE9;. C'est par un entra&#xEE;nement des corps de plus en plus fantastique que les personnages redoublent d'inventions drolatiques &#xE0; bord d'une machine insatiable. Et tandis qu'ils jouent avec le vivant, &#xE9;mergent des questions essentielles : quel est l'impact du capitalisme sur les individus, comment sont-ils manipul&#xE9;s pour s'int&#xE9;grer au syst&#xE8;me, peut-on y r&#xE9;sister, quelle est la puissance de l'humain face au tout digital, comment survivre dans une nature pi&#xE9;tin&#xE9;e ? Claire Rengade est auteure, metteuse en sc&#xE8;ne et com&#xE9;dienne. Elle a &#xE9;crit une vingtaine de pi&#xE8;ces, mont&#xE9;es pour la plupart par la compagnie Th&#xE9;&#xE2;tre Craie, qu'elle dirige de 1996 &#xE0; 2014. En 2015, elle cr&#xE9;e La Milli&#xE8;me avec laquelle elle performe ses textes en cocr&#xE9;ation avec d'autres artistes (musique, cirque, danse). Aux &#xC9;ditions Espaces 34, elle a publi&#xE9; plusieurs textes dont Et insubmersible dans la seconde qui suit ainsi que deux pi&#xE8;ces pour la jeunesse.</subfield>
  </datafield>
  <datafield tag="410" ind1=" " ind2="0">
    <subfield code="0">34271193</subfield>
  </datafield>
  <datafield tag="410" ind1=" " ind2="0">
    <subfield code="t">Collection Espace th&#xE9;&#xE2;tre (Montpellier)</subfield>
    <subfield code="x">1158-9892</subfield>
    <subfield code="d">2024</subfield>
  </datafield>
  <datafield tag="610" ind1=" " ind2=" ">
    <subfield code="a">futur</subfield>
    <subfield code="a">humanit&#xE9;</subfield>
  </datafield>
  <datafield tag="686" ind1=" " ind2=" ">
    <subfield code="a">802</subfield>
    <subfield code="2">Cadre de classement de la Bibliographie nationale fran&#xE7;aise</subfield>
  </datafield>
  <datafield tag="700" ind1=" " ind2=" ">
    <subfield code="a">Rengade</subfield>
    <subfield code="b">Claire</subfield>
    <subfield code="f">1971-....</subfield>
  </datafield>
  <datafield tag="700" ind1=" " ind2=" ">
    <subfield code="3">14545364</subfield>
    <subfield code="o">ISNI0000000003398393</subfield>
    <subfield code="4">070</subfield>
  </datafield>
  <datafield tag="801" ind1=" " ind2="0">
    <subfield code="a">FR</subfield>
    <subfield code="b">FR-751131015</subfield>
    <subfield code="c">20250116</subfield>
    <subfield code="g">AFNOR</subfield>
    <subfield code="h">FRBNF476375450000005</subfield>
  </datafield>
  <datafield tag="856" ind1=" " ind2="2">
    <subfield code="u">1001363</subfield>
    <subfield code="b">Premi&#xE8;re de couverture</subfield>
  </datafield>
  <datafield tag="856" ind1=" " ind2="2">
    <subfield code="u">1001364</subfield>
    <subfield code="b">Quatri&#xE8;me de couverture</subfield>
  </datafield>
  <datafield tag="995" ind1=" " ind2=" ">
    <subfield code="2">0</subfield>
    <subfield code="5">2025-12-04</subfield>
    <subfield code="9">13855</subfield>
    <subfield code="c">JOL</subfield>
    <subfield code="f">JOL-007663</subfield>
    <subfield code="k">TH REN X</subfield>
    <subfield code="o">0</subfield>
    <subfield code="b">JOL</subfield>
    <subfield code="r">LIVR</subfield>
  </datafield>
</record>
